KATSEYE - Gameboy Lyrics - Statistics

General Stats
  • This quiz has been taken 436 times
  • The average score is 314 of 402
Answer Stats
Lyrics % Correct
you
97%
You
97%
You,
97%
you,
97%
you)
97%
a
95%
game,
95%
I
95%
boy
93%
boy)
93%
Play
92%
play,
92%
(Play,
92%
your
91%
the
88%
ain't
86%
(Ain't
86%
just
86%
about
83%
but
83%
it
83%
love
83%
thinkin'
83%
no
82%
drama
81%
on
77%
friends
76%
it's
76%
my
76%
that
76%
tryna
76%
You're
76%
do
75%
Gameboy
74%
(Gameboy)
74%
know
74%
I'm
73%
Not
72%
(Not
72%
not
72%
pushing
72%
Tell
72%
keep
71%
me,
71%
me
71%
Me
71%
(Ooh)
71%
ooh
71%
ooh,
71%
ooh)
71%
(Ooh-ooh)
71%
(Woo)
71%
buttons,
70%
Lovin'
70%
don't
69%
pretend,
68%
one
67%
wanna
67%
karma
66%
lose
66%
problem
66%
callin'
64%
somebody
63%
true
63%
away,
62%
throw
62%
yeah,
61%
in
60%
should
59%
thinking
59%
up,
59%
With
59%
you's
58%
Now
56%
that's
56%
That's
56%
leveled
55%
oh,
55%
(Oh,
55%
to
53%
and
52%
can
49%
fine,
47%
blame
45%
lonely
45%
backseat
44%
taxi
44%
own
40%
all
39%
time
39%
club
38%
mind
38%
goin'
36%
mine,
36%
mine
36%
been
35%
out
34%
doin'
32%
Blamin'
30%
Headed
26%
No matching quizzes found
Score Distribution
Percent of People with Each Score
Percentile by Number Answered
Your Score History
You have not taken this quiz